LotR - How many charcter do you know? - Statistics

General Stats
  • This quiz has been taken 170 times
  • The average score is 16 of 21
Answer Stats
Answer % Correct
Frodo
99%
Gandalf
97%
Pippin
95%
Sam
95%
Legolas
94%
Aragorn
93%
Gimli
91%
Sauron
90%
Merry
89%
Saruman
88%
Boromir
87%
Faramir
84%
Elrond
81%
Eowyn
74%
Arwen
73%
Galadriel
66%
Theoden
63%
Denethor
57%
Celeborn
32%
Haldir
21%
Butterbur
8%
No matching quizzes found
Score Distribution
Percent of People with Each Score
Percentile by Number Answered
Your Score History
You have not taken this quiz